<?xml version="1.0" encoding="UTF-8"?>
<record
    xmlns:xsi="http://www.w3.org/2001/XMLSchema-instance"
    xsi:schemaLocation="http://www.loc.gov/MARC21/slim http://www.loc.gov/standards/marcxml/schema/MARC21slim.xsd"
    xmlns="http://www.loc.gov/MARC21/slim">

  <leader>00674nam a22001577a 4500</leader>
  <controlfield tag="003">OSt</controlfield>
  <controlfield tag="005">20151231084504.0</controlfield>
  <controlfield tag="008">151231b        xxu||||| |||| 00| 0 eng d</controlfield>
  <datafield tag="040" ind1=" " ind2=" ">
    <subfield code="c">RUA</subfield>
  </datafield>
  <datafield tag="082" ind1=" " ind2=" ">
    <subfield code="a">LMA NET 2007 B295 Or.1</subfield>
  </datafield>
  <datafield tag="100" ind1=" " ind2=" ">
    <subfield code="9">5815</subfield>
    <subfield code="a">NET, CHANNA.</subfield>
  </datafield>
  <datafield tag="245" ind1=" " ind2=" ">
    <subfield code="a">land use planning for urban area, stueng hav district, krong preah sihanouk (&#x1780;&#x17B6;&#x179A;&#x179A;&#x17C0;&#x1794;&#x1785;&#x17C6;&#x1795;&#x17C2;&#x1793;&#x1780;&#x17B6;&#x179A;&#x1794;&#x17D2;&#x179A;&#x17BE;&#x1794;&#x17D2;&#x179A;&#x17B6;&#x179F;&#x17CB;&#x178A;&#x17B8;&#x1792;&#x17D2;&#x179B;&#x17B8;&#x179F;&#x17C6;&#x179A;&#x17B6;&#x1794;&#x17CB;&#x178F;&#x17C6;&#x1794;&#x1793;&#x17CB;&#x1791;&#x17B8;&#x1794;&#x17D2;&#x179A;&#x1787;&#x17BB;&#x17C6;&#x1787;&#x1793;&#x1781;&#x178E;&#x17D2;&#x178C;&#x179F;&#x17D2;&#x1791;&#x17B9;&#x1784;&#x17A0;&#x17B6;&#x179C; &#x1780;&#x17D2;&#x179A;&#x17BB;&#x1784;&#x1796;&#x17D2;&#x179A;&#x17C7;&#x179F;&#x17B8;&#x17A0;&#x1793;&#x17BB;)</subfield>
  </datafield>
  <datafield tag="260" ind1=" " ind2=" ">
    <subfield code="a">Phnom Penh</subfield>
    <subfield code="b">RUA</subfield>
    <subfield code="c">2007</subfield>
  </datafield>
  <datafield tag="300" ind1=" " ind2=" ">
    <subfield code="a">xii, 62p.</subfield>
    <subfield code="b">ill.</subfield>
    <subfield code="c">29cm.</subfield>
  </datafield>
  <datafield tag="942" ind1=" " ind2=" ">
    <subfield code="2">ddc</subfield>
    <subfield code="c">LMA</subfield>
  </datafield>
  <datafield tag="999" ind1=" " ind2=" ">
    <subfield code="c">5414</subfield>
    <subfield code="d">5414</subfield>
  </datafield>
  <datafield tag="952" ind1=" " ind2=" ">
    <subfield code="0">0</subfield>
    <subfield code="1">0</subfield>
    <subfield code="2">ddc</subfield>
    <subfield code="4">0</subfield>
    <subfield code="6">LMA_NET_2007_000000000000000_B295_OR_1</subfield>
    <subfield code="7">0</subfield>
    <subfield code="9">29135</subfield>
    <subfield code="a">LBB</subfield>
    <subfield code="b">LBB</subfield>
    <subfield code="c">B295</subfield>
    <subfield code="d">2015-12-31</subfield>
    <subfield code="l">2</subfield>
    <subfield code="o">LMA NET 2007 B295 Or.1</subfield>
    <subfield code="p">RUA017434</subfield>
    <subfield code="r">2017-11-15</subfield>
    <subfield code="s">2017-10-27</subfield>
    <subfield code="w">2015-12-31</subfield>
    <subfield code="y">LMA</subfield>
  </datafield>
  <datafield tag="952" ind1=" " ind2=" ">
    <subfield code="0">0</subfield>
    <subfield code="1">0</subfield>
    <subfield code="2">ddc</subfield>
    <subfield code="4">0</subfield>
    <subfield code="6">LMA_NET_2007_000000000000000_B295_OR_2</subfield>
    <subfield code="7">0</subfield>
    <subfield code="9">29136</subfield>
    <subfield code="a">LBB</subfield>
    <subfield code="b">LBB</subfield>
    <subfield code="c">B295</subfield>
    <subfield code="d">2015-12-31</subfield>
    <subfield code="l">1</subfield>
    <subfield code="o">LMA NET 2007 B295 Or.2</subfield>
    <subfield code="p">RUA025197</subfield>
    <subfield code="r">2025-07-19</subfield>
    <subfield code="s">2025-06-28</subfield>
    <subfield code="w">2015-12-31</subfield>
    <subfield code="y">LMA</subfield>
  </datafield>
  <datafield tag="952" ind1=" " ind2=" ">
    <subfield code="0">0</subfield>
    <subfield code="1">0</subfield>
    <subfield code="2">ddc</subfield>
    <subfield code="4">0</subfield>
    <subfield code="6">LMA_NET_2007_000000000000000_B295_OR_3</subfield>
    <subfield code="7">0</subfield>
    <subfield code="9">29137</subfield>
    <subfield code="a">LBB</subfield>
    <subfield code="b">LBB</subfield>
    <subfield code="c">B295</subfield>
    <subfield code="d">2015-12-31</subfield>
    <subfield code="l">2</subfield>
    <subfield code="o">LMA NET 2007 B295 Or.3</subfield>
    <subfield code="p">RUA025059</subfield>
    <subfield code="r">2018-07-03</subfield>
    <subfield code="s">2018-06-08</subfield>
    <subfield code="w">2015-12-31</subfield>
    <subfield code="y">LMA</subfield>
  </datafield>
  <datafield tag="952" ind1=" " ind2=" ">
    <subfield code="0">0</subfield>
    <subfield code="1">0</subfield>
    <subfield code="2">ddc</subfield>
    <subfield code="4">0</subfield>
    <subfield code="6">LMA_NET_2007_000000000000000_B295_OR_4</subfield>
    <subfield code="7">0</subfield>
    <subfield code="9">29138</subfield>
    <subfield code="a">LBB</subfield>
    <subfield code="b">LBB</subfield>
    <subfield code="c">B295</subfield>
    <subfield code="d">2015-12-31</subfield>
    <subfield code="l">2</subfield>
    <subfield code="o">LMA NET 2007 B295 Or.4</subfield>
    <subfield code="p">RUA017475</subfield>
    <subfield code="r">2023-01-20</subfield>
    <subfield code="s">2023-01-20</subfield>
    <subfield code="w">2015-12-31</subfield>
    <subfield code="y">LMA</subfield>
  </datafield>
  <datafield tag="952" ind1=" " ind2=" ">
    <subfield code="0">0</subfield>
    <subfield code="1">0</subfield>
    <subfield code="2">ddc</subfield>
    <subfield code="4">0</subfield>
    <subfield code="6">LMA_NET_2007_000000000000000_B295_OR_5</subfield>
    <subfield code="7">0</subfield>
    <subfield code="9">29139</subfield>
    <subfield code="a">LBB</subfield>
    <subfield code="b">LBB</subfield>
    <subfield code="c">B295</subfield>
    <subfield code="d">2015-12-31</subfield>
    <subfield code="l">1</subfield>
    <subfield code="o">LMA NET 2007 B295 Or.5</subfield>
    <subfield code="p">RUA025046</subfield>
    <subfield code="r">2025-07-19</subfield>
    <subfield code="s">2025-06-28</subfield>
    <subfield code="w">2015-12-31</subfield>
    <subfield code="y">LMA</subfield>
  </datafield>
</record>
